Arrêts de tramway et busway de Nantes sur une carte - Statistiques

Statistiques générales
  • Ce quiz a été pris 2 927 fois
  • Le résultat moyen est 45 sur 122
Réponses sur la Carte
Les réponses sont colorées sur une échelle allant du rouge au vert en fonction du pourcentage des utilisateurs qui les ont devinées à leur premier essai. Vous pouvez retrouver ces pourcentages ci-dessous.
 
Statistiques - réponses
Réponses % Correct
Commerce
96%
Beaujoire
78%
Gare Nord – Jardin des plantes
71%
François Mitterrand
70%
Hôtel Dieu
70%
50 Otages
68%
Place du Cirque
68%
Bouffay
67%
Orvault – Grand Val
67%
Pirmil
66%
Médiathèque
64%
Ranzay
59%
Bretagne
57%
Gare Sud
57%
Vincent Gâche
57%
Haluchère – Batignolles
56%
Jamet
56%
Saint Félix
55%
Facultés
54%
Motte Rouge
53%
Neustrie
53%
Saint-Mihiel
53%
Chantiers Navals
52%
Duchesse Anne – Château des ducs de Bretagne
52%
Gare de Pont Rousseau
51%
Hangar à Bananes
51%
Foch – Cathédrale
50%
Gare Maritime
50%
Beaulieu
48%
Île de Nantes
48%
Marcel Paul
48%
Wattignies
46%
Moutonnerie
45%
Aimé Delrue
44%
Mairie de Doulon
44%
Mangin
43%
Michelet – Sciences
43%
Le Cardo
41%
Boulevard de Doulon
40%
Morrhonnière – Petit Port
40%
Porte de Vertou
40%
Recteur Schmitt
40%
École Centrale – Audencia
39%
Manufacture
38%
Hôpital Bellier
36%
Pin Sec
35%
8 Mai
34%
Beauséjour
34%
Cité des Congrès
34%
Égalité
33%
Souillarderie
33%
Jean Jaurès
32%
Mendès France – Bellevue
32%
Viarme – Talensac
32%
Bourgeonnière
31%
Félix Faure
30%
Greneraie
30%
Chêne des Anglais
29%
Halvèque
29%
Schœlcher
29%
Landreau
28%
République
28%
Poitou
27%
Tourmaline
27%
Château de Rezé – François Mitterrand
26%
Croix Bonneau
26%
Rond-point de Vannes
26%
Tripode
26%
Longchamp
25%
Neruda
25%
Tertre
25%
Du Chaffault
24%
René Cassin
24%
Trocardière
24%
Boissière
23%
Espace Diderot
23%
Pont Rousseau – Martyrs
23%
Sillon de Bretagne
23%
Bourdonnières
22%
Santos Dumont
22%
Conservatoire
21%
Orvault – Morlière
21%
Clos Toreau
20%
Joliverie
20%
Plaisance
20%
Balinière
19%
Jean Moulin
19%
Romain Rolland
19%
Alexandre Vincent – Sainte Thérèse
18%
Lauriers
18%
Romanet
18%
Les Couëts
17%
Frachon
16%
Ferrière
15%
Jean Rostand
15%
Bignon
14%
Fonderies
14%
Gare de l’État
14%
Grande Ouche
14%
Mauvoisins
14%
Quai des Antilles
14%
Bonne Garde
13%
Chapeau Verni
13%
Haubans
13%
Nizan
13%
Prairie au Duc
13%
Maraîchers
11%
Pompidou
11%
Picasso
10%
Tbilissi
10%
Galarne
9%
Aucun quiz correspondant
Distribution des résultats
% des personnes avec chaque résultat
Percentile par nombre de réponses
Votre historique - résultats
Vous n’avez pas pris ce quiz